000 00306nam a22001217a 4500
003 SGT
082 _a320
_bJ06S
100 _aशुक्ल, लक्ष्मीकांत
245 _aजातिराज
260 _b मेधा प्रकाशन
_c2006
300 _a286
942 _2ddc
_cBK
999 _c31892
_d31892